000 00694nam a2200217Ii 4500
003 JO-AjNU
008 230606s9999||||xx |||||||||||||| ||und||
020 _a9953-1-0218-X
040 _aJO-AjNU
_beng
_erda
_cJO-AjNU
041 _aeng
050 1 4 _aQ123.G6212 2001
100 3 _aEdited Al-Khatib, Ahmad Shafig,
_eauthor
_94015
245 0 2 _aA New Illustrated Science Dictionary with Definitions and applications English - Arabic
250 _a1 ed
264 3 1 _aBeiret: Libraire du Liban,2001
300 _a870P
336 _atext
_btxt
_2rdacontent
337 _aunmediated
_bn
_2rdamedia
338 _avolume
_bnc
_2rdacarrier
650 4 _a Science- Dictionary - English - Arabic
_94016
999 _aE2091
_c2090
_d2090